Arbitrage of cultural services: what makes audiences travel for the performing arts

Salvato in:
Dettagli Bibliografici
Autore principale: Tajtáková, Mária
Altri autori: Heskia, Thomas, Kopaničová, Janka, 1979-
Natura: Capitolo di libro
Lingua:inglese
Soggetti:
Tags: Aggiungi Tag
Nessun Tag, puoi essere il primo ad aggiungerne!!

MARC

LEADER 00000nla$a2200000$$$4500
001 0084643
005 20240502083225.0
041 0 |a eng 
044 |a US 
245 1 0 |a Arbitrage of cultural services: what makes audiences travel for the performing arts  |c Mária Tajtáková, Thomas Heskia, Janka Kopaničová 
610 2 0 |a kultúra 
610 2 0 |a služby 
610 2 0 |a arbitráž 
610 2 0 |a turistika 
100 1 |a Tajtáková, Mária 
700 1 |a Heskia, Thomas 
700 1 |a Kopaničová, Janka, 1979-